000 00496cam a22001932a 4500
001 019832
003 AR-FADEU
008 311216n2004####xxu####################dd
020 _a950-673-454-2
092 _a760
_bF336
100 _aFenner, Quique
245 _aDiseñagasando : diseño, palabra e identidad
260 _aRosario
260 _bUniversidad Nacional de Rosario
260 _c2004
300 _a105 p. : il. col
650 _aDISEÑO GRAFICO; ARTE GRAFICO
942 _cBDGR
999 _c25557
_d25557